000 00937cam a22001815a 4500
001 L156328
008 120514s1839 xxk f 000 0 eng d
035 _a(Sirsi) u156328
041 0 _aeng
100 1 _aGriffith, Richard
245 0 2 _aA general map of Ireland to accompany the report of the Railway Commissioners : shewing the principal physical features and geological structure of the country / this map was constructed by order of the government for the specific purposes of the Railway Commission ; the geological lines have been laid down by Rich'd Griffith Esq'r.
260 _aDublin
_aLondon
_bPublished and sold by Hodges & Smith
_bJames Gardner
_c[1839?]
300 _a1 map on 6 sheets
_bhand col., cloth backing
_c179 x 145 cm., sheets 65 x 78 cm., folded in slipcase 36 x 29 cm.
583 _aCondition reviewed
_c20120620
_lcondition level 4
651 4 _aIreland (Island of)
690 _aGeomatics
_96242
942 _n0
999 _c114185
_d114185